Medicaid, the State Children's Health Insurance Program (SCHIP), and Health Insurance : FY2008 Budget Issues.

Examines proposals contained in the Administration FY2008 budget related to Medicaid, the State children's health insurance program, and health insurance. Provides relevant background and describes each proposal.

Bibliographic Details
Corporate Authors: Library of Congress. Congressional Research Service, ProQuest (Firm)
Format: eBook
Language:English
Published: [Place of publication not identified] : [publisher not identified], 2007.
Series:U.S. Congressional Research.
Subjects:
Online Access:Connect to the full text of this electronic book

MARC

Tag First Indicator Second Indicator Subfields
LEADER 00000cam a22000001a 4500
001 in00003329068
006 m d f
007 cr bn mmmapmmp
008 101209s2007 dcu o f000 0 eng d
005 20260430160121.7
035 |a cis2007858477 
040 |a ProQuest  |c ProQuest  |d UtOrBLW 
043 |a n-us--- 
099 |a CRS-2007-DSP-0196 
110 2 |a Library of Congress.  |b Congressional Research Service. 
245 1 0 |a Medicaid, the State Children's Health Insurance Program (SCHIP), and Health Insurance :  |b FY2008 Budget Issues. 
264 1 |a [Place of publication not identified] :  |b [publisher not identified],  |c 2007. 
300 |a 1 online resource. 
336 |a text  |b txt  |2 rdacontent 
337 |a computer  |b c  |2 rdamedia 
338 |a online resource  |b cr  |2 rdacarrier 
500 |a Record is based on bibliographic data in ProQuest U.S. Congressional Research Digital Collection (last viewed Dec. 2010). Reuse except for individual research requires license from ProQuest, LLC. 
500 |a CRS Report. 
520 |a Examines proposals contained in the Administration FY2008 budget related to Medicaid, the State children's health insurance program, and health insurance. Provides relevant background and describes each proposal. 
500 |a Electronic resource. 
650 0 |a Medicine. 
650 0 |a Health insurance. 
650 0 |a Medicaid. 
655 7 |a Electronic books.  |2 local 
710 2 |a ProQuest (Firm) 
776 0 8 |i Microfiche version:   |a Library of Congress. Congressional Research Service.  |t Medicaid, the State Children's Health Insurance Program (SCHIP), and Health Insurance 
830 0 |a U.S. Congressional Research. 
856 4 0 |u http://proxy.library.tamu.edu/login?url=https://congressional.proquest.com/congcomp/getdoc?CRDC-ID=CRS-2007-DSP-0196  |z Connect to the full text of this electronic book  |t 0 
999 |a MARS 
999 f f |s 7551cdcd-b4d0-3157-a13c-199cb94354fa  |i 55e7d27c-6de1-3c47-bdcd-35e1fdafec6d  |t 0 
952 f f |a Texas A&M University  |b College Station  |c Electronic Resources  |s www_evans  |d Available Online  |t 0  |e CRS-2007-DSP-0196  |h Other scheme 
998 f f |a CRS-2007-DSP-0196  |t 0  |l Available Online